[Event "Sharjah Master 2024"]
[Site "Shsrjah - Abu Dhabi"]
[Date "2024.05.19"]
[Round "?"]
[White "Nihal Sarin"]
[Black "Muradli, Mahammad"]
[Result "1/2-1/2"]
[WhiteElo "2680"]
[BlackElo "2560"]
[PlyCount "66"]
[EventDate "2024.05.14"]
[EventCountry "UAE"]

1. e4 c5 2. Nf3 d6 3. d4 cxd4 4. Nxd4 Nf6 5. Nc3 a6 6. Be3 e5 7. Nb3 Be6 8. f3 h5 9. Nd5 Bxd5 10. exd5 Nbd7 11. Qd2 g6 12. O-O-O Nb6 ({RR} 12... Rc8 13. Kb1 Bg7 14. c4 O-O 15. Be2 Re8 16. Rc1 b6 17. Rhf1 Nc5 18. Nxc5 bxc5 19. Bg5 Rb8 20. Rc2 e4 21. Qf4 e3 22. g4 a5 23. Rg1 a4 24. Bxf6 Bxf6 25. gxh5 Be5 26. Qg5 Qb6) ({RR} 12... Bg7 13. Qb4 Qc7 14. Na5 O-O 15. Nc4 Ne8 16. Nb6 Nxb6 17. Bxb6 Qe7 18. Kb1 Nf6 19. c4 Rfc8 20. Bd3 Nd7 21. Be3) ({RR} 12... Rc8 13. Kb1 Bg7 14. c4 O-O 15. Be2 Re8 16. Rc1 b6 17. Rhf1 Nc5 18. Nxc5 bxc5 19. Bg5 Rb8 20. Rc2 e4 21. Qf4 e3 22. g4 a5 23. Rg1 a4 24. Bxf6 Bxf6 25. gxh5 Be5 26. Qg5 Qb6) ({RR} 12... Bg7 13. Qb4 Qc7 14. Na5 O-O 15. Nc4 Ne8 16. Nb6 Nxb6 17. Bxb6 Qe7 18. Kb1 Nf6 19. c4 Rfc8 20. Bd3 Nd7 21. Be3) 13. Kb1 ({RR} 13. Qa5 Bh6 ({RR} 13... Nfd7 14. Kb1 Bh6 15. Bf2) ({RR} 13... Nfd7 14. Kb1 Bh6 15. Bf2) 14. Bxh6 Rxh6 15. Kb1 Rc8 16. Qb4 Kf8 ({RR} 16... Nfxd5 17. Rxd5 Nxd5 18. Qd2 Qc7 ({RR} 18... Nf4 19. g3 Qf6 20. gxf4 Qxf4 21. Qd5 Rc7 22. Nd2) ({RR} 18... Nf4 19. g3 Qf6 20. gxf4 Qxf4 21. Qd5 Rc7 22. Nd2) 19. c4 Nf4 20. g3 b5 21. cxb5 Ne6 22. Be2 Rh8 23. Rc1) ({RR} 16... Nfxd5 17. Rxd5 Nxd5 18. Qd2 Qc7 19. c4 Nf4 20. g3 b5 21. cxb5 Ne6 22. Be2 Rh8 23. Rc1) 17. c4 Kg7 18. g3 Rh8 ({RR} 18... g5 19. Bd3 g4 20. f4) ({RR} 18... g5 19. Bd3 g4 20. f4) 19. Rc1 Qc7 20. Bh3 Rce8 21. Rhd1 ({RR} 21. Rhe1 Nbd7 22. Re3 Ra8) ({RR} 21. Rhe1 Nbd7 22. Re3 Ra8) 21... Re7 ({RR} 21... e4 22. c5 Nbxd5 ({RR} 22... dxc5 23. Nxc5 Qd6 24. fxe4 Rxe4 ({RR} 24... Nxe4 25. Qd4+ Nf6 26. Nxb7) ({RR} 24... Nxe4 25. Qd4+ Nf6 26. Nxb7) 25. Qa3 Qe5 26. Nxe4 Qxe4+ 27. Qd3) ({RR} 22... dxc5 23. Nxc5 Qd6 24. fxe4 Rxe4 25. Qa3 Qe5 26. Nxe4 Qxe4+ 27. Qd3) 23. Rxd5 Nxd5 24. Qd4+ Nf6 25. cxd6 Qb8 26. Nd2 exf3 27. d7 Re7 28. Rc8 Rxd7 29. Bxd7 Rxc8 30. Ne4) ({RR} 21... e4 22. c5 Nbxd5 23. Rxd5 Nxd5 24. Qd4+ Nf6 25. cxd6 Qb8 26. Nd2 exf3 27. d7 Re7 28. Rc8 Rxd7 29. Bxd7 Rxc8 30. Ne4) 22. a3 ({RR} 22. c5 Nbxd5 23. Rxd5 Nxd5 24. Qd2 Qc6 25. Na5 Qc7 ({RR} 25... Qb5 26. cxd6 Ree8 27. Bf1) ({RR} 25... Qb5 26. cxd6 Ree8 27. Bf1) 26. Nb3) ({RR} 22. c5 Nbxd5 23. Rxd5 Nxd5 24. Qd2 Qc6 25. Na5 Qc7 26. Nb3) 22... Rd8 ({RR} 22... e4 23. c5 dxc5 ({RR} 23... Nbxd5 24. Rxd5 Nxd5 25. Qd4+) ({RR} 23... Nbxd5 24. Rxd5 Nxd5 25. Qd4+) 24. Nxc5 Nbxd5 25. Ne6+ fxe6 26. Rxc7 Rxc7 27. Qb3) ({RR} 22... e4 23. c5 dxc5 24. Nxc5 Nbxd5 25. Ne6+ fxe6 26. Rxc7 Rxc7 27. Qb3) 23. Nd2 Nbd7 ({RR} 23... e4 24. Qc3 ({RR} 24. Nxe4 Nxe4 25. fxe4 Rxe4 26. Bg2) ({RR} 24. f4 e3 25. Nf3 e2 26. Re1 Rde8) ({RR} 24. Nxe4 Nxe4 25. fxe4 Rxe4 26. Bg2) ({RR} 24. f4 e3 25. Nf3 e2 26. Re1 Rde8) 24... Na4 25. Qc2 ({RR} 25. Qd4 exf3 26. Rf1 Qc5) ({RR} 25. Qd4 exf3 26. Rf1 Qc5) 25... Nc5 26. fxe4 Nfxe4 27. Nxe4 Nxe4) ({RR} 23... e4 24. Qc3 Na4 25. Qc2 Nc5 26. fxe4 Nfxe4 27. Nxe4 Nxe4) 24. Qc3 a5 ({RR} 24... Nc5 25. b4 Ncd7 26. g4) ({RR} 24... Nc5 25. b4 Ncd7 26. g4) 25. Bxd7 ({RR} 25. g4) ({RR} 25. g4) 25... Nxd7 ({RR} 25... Rdxd7 26. Rf1 Qb6 27. Ne4 Nxe4 28. fxe4 Rc7 29. Qf3) ({RR} 25... Rdxd7 26. Rf1 Qb6 27. Ne4 Nxe4 28. fxe4 Rc7 29. Qf3) 26. f4 Nf6 ({RR} 26... Nc5 27. Re1 f6) ({RR} 26... Nc5 27. Re1 f6) 27. Rf1 b6 ({RR} 27... b5 28. fxe5 Rxe5 ({RR} 28... dxe5 29. Qf3) ({RR} 28... dxe5 29. Qf3) 29. Nf3 Rf5 30. Nh4 ({RR} 30. Nd4 Rxf1 31. Rxf1 Qxc4 32. Ne6+ fxe6 33. Qxf6+ Kh6 ({RR} 33... Kh7 34. Rc1) ({RR} 33... Kh7 34. Rc1)) ({RR} 30. Nd4 Rxf1 31. Rxf1 Qxc4 32. Ne6+ fxe6 33. Qxf6+ Kh6) 30... Re5 31. cxb5) ({RR} 27... b5 28. fxe5 Rxe5 29. Nf3 Rf5 30. Nh4 Re5 31. cxb5)) ({RR} 13. c4 Rc8 14. Na5 Nfxd5 15. Bg5 Qxg5 16. Qxg5 Bh6 17. Qxh6 Rxh6 18. Nxb7 Kd7) ({RR} 13. Qa5 Bh6 14. Bxh6 Rxh6 15. Kb1 Rc8 16. Qb4 Kf8 17. c4 Kg7 18. g3 Rh8 19. Rc1 Qc7 20. Bh3 Rce8 21. Rhd1 Re7 22. a3 Rd8 23. Nd2 Nbd7 24. Qc3 a5 25. Bxd7 Nxd7 26. f4 Nf6 27. Rf1 b6) ({RR} 13. c4 Rc8 14. Na5 Nfxd5 15. Bg5 Qxg5 16. Qxg5 Bh6 17. Qxh6 Rxh6 18. Nxb7 Kd7) 13... Nfxd5 ({RR} 13... Nbxd5 14. Bg5 Be7 15. g3 ({RR} 15. h4 Nb6 16. Bd3 d5 17. Rhe1 Nfd7 18. Na5 Bxg5 19. hxg5 Qc7 20. c4 dxc4 21. Nxc4 O-O 22. Nxb6 Qxb6 23. g4 Nc5 24. Bc2 Rfd8 25. Qe3 Rxd1+ 26. Rxd1 h4 27. Rh1 Rd8 28. Qe1) 15... Nb6 16. Bxf6 Bxf6 17. Qxd6 Qxd6 18. Rxd6 Bd8 19. Nc5 Rb8 20. Rd1 Be7 21. Nd3 f6 22. Bg2 Kf7 23. f4 exf4 24. Nxf4 g5 25. Nd5 Nxd5 26. Bxd5+ Kg7 27. Rhe1 Bc5 28. h3) ({RR} 13... Nbxd5 14. Bg5 Be7 15. g3 Nb6 16. Bxf6 Bxf6 17. Qxd6 Qxd6 18. Rxd6 Bd8 19. Nc5 Rb8 20. Rd1 Be7 21. Nd3 f6 22. Bg2 Kf7 23. f4 exf4 24. Nxf4 g5 25. Nd5 Nxd5 26. Bxd5+ Kg7 27. Rhe1 Bc5 28. h3) 14. Bg5 $146 ({RR} 14. Bf2 Nf6 15. Bd3 ({RR} 15. Qe1 Be7 16. g3 Qc7 17. Bd3 Rc8 18. f4 Nc4 19. Nd2 b5 20. h3 O-O 21. f5 d5 22. Bxc4 bxc4 23. Nf3 Bd6 24. g4 Rb8 25. gxh5 Ne4 26. Qe3 Bc5 27. Qh6 Rxb2+ 28. Kxb2 Rb8+ 29. Ka1 Qa5) ({RR} 15. Qe1 Be7 16. g3 Qc7 17. Bd3 Rc8 18. f4 Nc4 19. Nd2 b5 20. h3 O-O 21. f5 d5 22. Bxc4 bxc4 23. Nf3 Bd6 24. g4 Rb8 25. gxh5 Ne4 26. Qe3 Bc5 27. Qh6 Rxb2+ 28. Kxb2 Rb8+ 29. Ka1 Qa5) 15... Be7 16. Rhe1 Nbd7 17. f4 Qc7 18. a3 Ng4 19. Bg1 exf4 20. Qxf4 Nge5 21. Bd4 O-O 22. g4 hxg4 23. h3 gxh3 24. Rh1 Bf6 25. Rxh3 Bg7 26. Qh4 f5 27. Rg1 Rf6 28. Bxf5 Nf8 {Can,E (2549)-Hayrapetyan,H (2432) Dubai Police Officers Club, A 2024 1-0 (35)}) ({RR} 14. Bf2 Nf6 15. Bd3 Nbd7 16. Rhe1 Bh6 17. Qb4 Qc7 18. c3 Bf8 19. f4 Be7 20. Qa4 O-O 21. f5 g5 22. Nd2 d5 23. Be3 Ng4 24. f6 Bxf6 25. Bg1 Nc5 26. Qc2 e4 27. Be2 Be5 28. Nb3 Ne6 {Pranav Anand (2530)-Hayrapetyan,H (2432) Dubai Police Officers Club, A 2024 0-1 (75)}) ({RR} 14. Bf2 Nf6 15. Bd3 Be7 16. Rhe1 Nbd7 17. f4 Qc7 18. a3 Ng4 19. Bg1 exf4 20. Qxf4 Nge5 21. Bd4 O-O 22. g4 hxg4 23. h3 gxh3 24. Rh1 Bf6 25. Rxh3 Bg7 26. Qh4 f5 27. Rg1 Rf6 28. Bxf5 Nf8 {Can,E (2549)-Hayrapetyan,H (2434) Dubai UAE 2024 1-0 (35)}) 14... Be7 15. Bxe7 Qxe7 16. Qa5 Ne3 17. Qxb6 Nxd1 18. Bc4 Rc8 19. Bd5 Nxb2 20. Kxb2 Qc7 21. Qf2 a5 22. c4 a4 23. Nd2 b5 24. Kc2 bxc4 25. Rb1 O-O 26. Rb7 Qa5 27. Ne4 Kg7 28. Bxf7 Rc7 29. Qh4 Rfxf7 30. Qd8 Qd5 31. Rxc7 Qd3+ 32. Kc1 Qf1+ 33. Kc2 Qd3+ 1/2-1/2

[Event "Sharjah Master 2024"]
[Site "Shsrjah - Abu Dhabi"]
[Date "2024.05.19"]
[Round "?"]
[White "Suleymanli, Aydin"]
[Black "Martirosyan, Haik M."]
[Result "1-0"]
[WhiteElo "2621"]
[BlackElo "2678"]
[PlyCount "77"]
[EventDate "2024.05.14"]
[EventCountry "UAE"]

{[%evp 18,77,28,31,36,22,24,25,28,29,69,35,42,38,91,82,106,70,69,68,83,81,88,83,96,68,108,112,106,112,107,108,97,98,121,110,250,236,291,264,250,251,237,77,89,75,54,61,328,315,392,387,363,366,429,368,429,455,529,529,653,661]} 1. e4 e5 2. Nf3 Nc6 3. Bb5 Nf6 4. O-O Nxe4 5. Re1 Nd6 6. Nxe5 Be7 7. Bf1 Nxe5 8. Rxe5 O-O 9. d4 Bf6 10. Re1 Nf5 ({RR} 10... Re8 11. Rxe8+ Nxe8 12. c3 d5 13. Bd3 c6 14. Bf4 g6 15. Nd2 Ng7 16. Nf3 Bf5 17. Bh6 Bxd3 18. Qxd3 Nf5 19. Bf4 Qb6 20. Qd2 Re8 21. Be5 Qd8 22. Re1 Nh4 23. Nxh4 Bxh4 24. g3 Bg5 25. Bf4 {Caruana,F (2805)-So,W (2757) chess.com INT 2024 ½-½ (33)}) ({RR} 10... Re8 11. c3 Rxe1 12. Qxe1 Ne8 13. Bd3 d5 14. Bf4 {½-½ (14) Suleymanli,A (2609)-Tomashevsky,E (2681) Samarkand UZB 2023}) 11. d5 d6 ({RR} 11... Re8 12. Nd2 Rxe1 13. Qxe1 d6 14. c3 c6 15. Ne4 Be7 16. Qd1 cxd5 17. Qxd5 h6 18. Bf4 Qb6 19. Qd2 ({White should try} 19. Ng3 $14 Nxg3 20. hxg3) 19... Be6 (19... g5 $15 20. Be3 Nxe3 21. fxe3 d5) 20. Ng3 Nh4 21. Re1 Qc6 22. Ne2 Nf5 23. Nd4 Nxd4 24. Qxd4 Bf6 25. Qxd6 {½-½ (25) Zhapova,Y (2201)-Yakubbaeva,N (2307) Tashkent UZB 2024}) 12. Nd2 Bg5 {White has an edge.} 13. a4 $146 {[%cal Ba2a4,Ba4a5][%mdl 32]} ({RR} 13. Bd3 Bd7 14. c3 Re8 15. Rxe8+ Qxe8 16. Nf3 Bxc1 17. Rxc1 Ne7 18. Qb3 Qc8 19. Re1 Ng6 20. Bxg6 hxg6 21. Qb4 a5 22. Qh4 f6 23. Nd4 (23. Qc4 $16) 23... Qf8 24. Ne6 Re8 25. Re3 Bxe6 26. dxe6 Re7 27. Qe4 Qc8 {Svane,R (2628)-Noe,C (2528) Rosenheim GER 2023 ½-½ (41)}) 13... Ne7 14. Qf3 Ng6 15. a5 a6 16. Qb3 Ne5 17. g3 {[#] And now f4 would win.} Nd7 18. h4 Bh6 19. Nf3 Bxc1 20. Raxc1 Nf6 21. c4 c5 22. dxc6 $1 bxc6 23. c5 Be6 24. Qa3 dxc5 25. Qxc5 Bd5 26. Nd4 Rb8 $6 {Inaccuracy. Ne4 was best.} (26... Ne4 27. Qc2) (26... Ne4 $16 {is a better defense.} 27. Qc2 Nf6) 27. b4 $18 ({Not} 27. Nxc6 Bxc6 28. Qxc6 Qxa5 $14) (27. Bxa6 Ne4 $14) 27... Ng4 $6 {Inaccuracy. Ne4 was best.} (27... Ne4 28. Nxc6 Nxc5 29. Nxd8 Nb3 30. Nc6 Bxc6 31. Rxc6 Nd4 32. Rc3 Rxb4 33. Bxa6) 28. Nxc6 Bxc6 29. Qxc6 Rxb4 30. Qc5 $6 {Inaccuracy. Qxa6 was best.} (30. Qxa6 Ra4) (30. Qxa6 $18 {is more deadly. Strongly threatening Red1.} Qd4 31. Qe2) 30... Rd4 $16 31. Be2 $36 {[%mdl 2048] [#] Hoping for Rcd1. White is in control.} Rd5 32. Qb6 Nf6 $4 {Blunder. h5 was best.} (32... h5 $1) (32... h5 $1 $14) 33. Red1 $18 ({Less strong is} 33. Bxa6 Rxa5 34. Qxd8 Rxd8 $14) 33... h5 34. Rxd5 Qxd5 35. Qxa6 Ne4 {Black hopes to continue with ...Qd4.} 36. Qd3 Qa8 37. a6 {White is clearly winning.} Re8 38. Bf3 {aiming for Rc7.} f5 $6 {Inaccuracy. Re7 was best.} (38... Re7 39. Kg2 g6 40. Qd4 Kh7 41. Ra1 f5 42. a7 Rb7 43. Ra6 Rg7 44. Qb6) 39. Rc7 {Accuracy: White = 79%, Black = 47%.} 1-0

[Event "Sharjah Master 2024"]
[Site "Shsrjah - Abu Dhabi"]
[Date "2024.05.19"]
[Round "?"]
[White "Iniyan, Pa"]
[Black "Nguyen, Thai Dai Van"]
[Result "1/2-1/2"]
[WhiteElo "2493"]
[BlackElo "2649"]
[PlyCount "86"]
[EventDate "2024.05.14"]
[EventCountry "UAE"]

1. d4 d5 2. c4 c6 3. Nf3 Nf6 4. Nc3 e6 5. Bg5 h6 6. Bxf6 Qxf6 7. e3 Nd7 8. Bd3 dxc4 9. Bxc4 g6 10. O-O Bg7 11. b4 O-O 12. a4 e5 13. a5 exd4 14. exd4 Qd6 15. Qb3 $6 {Inaccuracy. Qc2 was best.} (15. Qc2 Nf6) 15... b5 16. axb6 Nxb6 17. Ne4 Qf4 18. Rfe1 Bf5 19. Ng3 Bd7 20. Bd3 Rae8 21. Bxg6 Be6 22. Rxe6 Rxe6 23. Bc2 $6 {Inaccuracy. Bf5 was best.} (23. Bf5 Rd6) 23... Nd5 $6 {Inaccuracy. Bxd4 was best.} (23... Bxd4 24. Qd3) 24. h3 Rfe8 25. Nh5 Qc7 26. g3 Re3 27. fxe3 Rxe3 28. Bd3 $2 {Mistake. Bh7+ was best.} (28. Bh7+ Kxh7 29. Qc2+ Kh8 30. Rf1 Qd7 31. g4 Qe6 32. Qf5 Qxf5 33. gxf5 Nxb4) 28... Rxf3 29. Kg2 Re3 30. Rf1 Bxd4 31. Kh2 Be5 32. Qd1 Rxg3 $4 {Blunder. Kf8 was best.} (32... Kf8 33. Kh1 Qd6 34. Bc4 Qe6 35. Kh2 Qg6 36. Qg4 Ke7 37. b5 Qxg4 38. hxg4) 33. Nxg3 Bxg3+ 34. Kg1 $2 {Mistake. Kh1 was best.} (34. Kh1 Ne3) 34... Ne3 $2 {Mistake. Bh2+ was best.} (34... Bh2+ 35. Kh1 Ne3 36. Qf3 Nxf1 37. Bxf1 Bg3 38. Kg2 Bf4 39. Qg4+ Kf8 40. Kf3) 35. Qd2 Nxf1 36. Qxh6 Qb6+ 37. Kh1 Qe3 38. Bh7+ Kh8 39. Qf8+ Kxh7 40. Qxf7+ Kh6 41. Qf6+ Kh7 42. Qf7+ Kh6 43. Qf6+ Kh7 1/2-1/2

[Event "Sharjah Master 2024"]
[Site "Shsrjah - Abu Dhabi"]
[Date "2024.05.19"]
[Round "?"]
[White "Maurizzi, Marc`Andria"]
[Black "Mendonca, Leon Luke"]
[Result "1/2-1/2"]
[WhiteElo "2617"]
[BlackElo "2640"]
[PlyCount "33"]
[EventDate "2024.05.14"]
[EventCountry "UAE"]

1. d4 Nf6 2. c4 e6 3. g3 d5 4. Bg2 Bb4+ 5. Bd2 Be7 6. Nf3 O-O 7. O-O c6 8. Qc2 Nbd7 9. Nc3 dxc4 10. Ne4 $146 ({RR} 10. Ne5 Nxe5 11. dxe5 Nd5 12. Be4 h6 13. a4 Rb8 14. a5 b5 15. axb6 axb6 16. Ra7 b5 17. Qc1 Bc5 18. Ra1 f5 19. exf6 Qxf6 20. Bf3 Bd4 21. Ne4 Qg6 22. Rb1 e5 23. b3 Bf5 24. Nc3 Nxc3 {Kiseljova,M (2031)-Zirkelbach,M (2261) chess.com INT 2024 0-1 (32)}) ({RR} 10. e4 b5 11. e5 Nd5 12. Ne4 f5 13. exf6 N7xf6 14. Ne5 Bd7 15. b3 c3 16. Nxc3 Nxc3 17. Qxc3 Nd5 18. Qc2 Rc8 19. Ba5 Qxa5 20. Nxd7 Rfd8 21. Qe4 Bf6 22. Qxe6+ Kh8 23. Bxd5 Re8 24. Qf5 Bxd4 {Ismail,M (2111)-Spanton,T (1766) Cambridge ENG 2024 1-0}) ({RR} 10. Bf4 Nd5 11. e4 Nxf4 12. gxf4 b5 13. Rad1 Rb8 14. d5 cxd5 15. exd5 Nc5 16. Nd4 Bb7 17. dxe6 Bxg2 18. Kxg2 Qc8 19. Nd5 Bh4 20. Nf5 Qb7 21. e7 Nd3 22. exf8=Q+ Kxf8 23. Rxd3 cxd3 24. Qc5+ Kg8 {Baladjaev,G (2404)-Johnson,B (1980) chess.com INT 2024 1-0}) 10... Nxe4 11. Qxe4 b5 12. a4 Bb7 13. axb5 Nf6 14. Qe5 Nd7 15. Qe4 Nf6 16. Qe5 Nd7 17. Qe4 1/2-1/2

[Event "Sharjah Master 2024"]
[Site "Shsrjah - Abu Dhabi"]
[Date "2024.05.19"]
[Round "?"]
[White "Royal, Shreyas"]
[Black "Puranik, Abhimanyu"]
[Result "1/2-1/2"]
[WhiteElo "2463"]
[BlackElo "2629"]
[PlyCount "68"]
[EventDate "2024.05.14"]
[EventCountry "UAE"]

1. d4 Nf6 2. c4 g6 3. Nc3 d5 4. cxd5 Nxd5 5. Bd2 c5 6. Rc1 ({RR} 6. e4 Nxc3 7. Bxc3 cxd4 8. Bxd4 e5 9. Bxe5 Bb4+ 10. Bc3 Bxc3+ 11. bxc3 Qa5 12. Ne2 Be6 13. Qd2 Nc6 14. Nd4 Rd8 15. Nxc6 bxc6 16. Qe3 Rb8 17. Be2 Rb2 18. O-O O-O 19. a4 Qb6 20. Qxb6 axb6) ({RR} 6. Qc1 Nc6 7. Nxd5 Qxd5 8. Qxc5 Qxd4 9. Qxd4 Nxd4 10. O-O-O Nc6 11. Bc3 e5 12. e3 Be6 13. Kb1 f6 14. Bd3 Kf7 15. Be4 Rc8 16. f4 exf4 17. exf4 Bb4 18. Ne2 a5 19. a3 Bxc3 20. Nxc3 Rhd8 {Pultinevicius,P (2575)-Salem,A (2629) chess.com INT 2024 1-0 (64)}) 6... Nc6 $146 ({RR} 6... Nxc3 7. Bxc3 Bh6 8. e3 cxd4 9. Bb5+ Nc6 10. Qxd4 Qxd4 11. Bxd4 O-O 12. Bxc6 bxc6 13. h4 Be6 14. h5 Bg7 15. Bxg7 Kxg7 16. b3 a5 17. Rh4 a4 18. h6+ Kg8 19. Rxa4 Rxa4 20. bxa4 Ra8 21. Rxc6 {Nogerbek,K (2486)-Safarli,E (2594) Dubai Police Officers Club, A 2024 ½-½ (49)}) ({RR} 6... Nxc3 7. Bxc3 Bh6 8. e3 cxd4 9. Qxd4 Qxd4 10. Bxd4 O-O 11. Bc4 Nc6 12. Bc3 Bd7 13. Nf3 Rac8 14. O-O Rfd8 15. Rfd1 a6 16. a3 b5 17. Bd5 e6 18. Ba2 Be8 19. Bf6 Rxd1+ 20. Rxd1 Bg7 21. Bxg7 {Balague Camps,M (2219)-Atanasov,A (2407) chess.com INT 2024 0-1 (37)}) ({RR} 6... Nxc3 7. Bxc3 Bh6 8. e3 cxd4 9. Bb5+ Nc6 10. Qxd4 Qxd4 11. Bxd4 O-O 12. Bxc6 bxc6 13. h4 Be6 14. h5 Bg7 15. Bxg7 Kxg7 16. b3 a5 17. Rh4 a4 18. h6+ Kg8 19. Rxa4 Rxa4 20. bxa4 Ra8 21. Rxc6 {Nogerbek,K (2487)-Safarli,E (2597) Dubai UAE 2024 ½-½ (49)}) 7. dxc5 Bg7 8. e4 ({RR} 8. Nf3 O-O 9. a3 ({RR} 9. Qa4 Be6 10. a3 a5 11. Nd1 Qd7 12. e4 Nc7 13. h3 Rfd8 14. Be2 Ba2 15. Nc3 Qe6 16. Nxa2 Qxa2 17. O-O Bxb2 18. Qc2 Qxa3 19. Rb1 Bg7 20. Rxb7 Ne6 21. Be3) ({RR} 9. e3 Ndb4 10. a3 Nd3+ 11. Bxd3 Qxd3 12. Qe2 Bf5 13. e4 Qxe2+ 14. Kxe2 Bg4 15. Be3 f5 16. h3 Bxf3+ 17. gxf3 f4 18. Bd2 Nd4+ 19. Kd3 Rad8 20. Rcd1 Nxf3+) 9... Bg4 10. e3 Nxc3 11. Bxc3 Bxc3+ 12. Rxc3 Qa5 13. Be2 Rfd8 14. Qc2 Bf5 15. Qc1 e5 16. Nd2 Ne7 17. b4 Qa4 18. O-O a5 19. b5 Nd5 20. Rb3 Rac8 21. Bd1) 8... Ndb4 9. a3 Nd3+ 10. Bxd3 Qxd3 11. Nge2 O-O 12. O-O Bg4 13. f3 Be6 14. Nf4 Qd4+ 15. Rf2 Qxc5 16. Ncd5 Qd6 17. Be3 Rad8 18. Rd2 Qb8 19. b4 Bxd5 20. exd5 Ne5 21. d6 Rxd6 22. Nd5 Re6 23. Bc5 h5 24. Bxe7 Re8 25. Bh4 Bh6 26. Nf6+ Rxf6 27. Bxf6 b5 28. Bxe5 Qxe5 29. Rd8 Bxc1 30. Rxe8+ Qxe8 31. Qxc1 Qe5 32. h3 Kg7 33. Kf2 h4 34. Qd2 g5 1/2-1/2

[Event "Sharjah Master 2024"]
[Site "Shsrjah - Abu Dhabi"]
[Date "2024.05.19"]
[Round "?"]
[White "Deac, Bogdan-Daniel"]
[Black "Adhiban, B.."]
[Result "1-0"]
[WhiteElo "2692"]
[BlackElo "2520"]
[PlyCount "99"]
[EventDate "2024.05.14"]
[EventCountry "UAE"]

{[%evp 10,99,10,-1,14,11,13,7,10,8,13,-2,60,60,73,71,112,79,112,91,116,108,164,162,164,35,37,34,40,39,37,34,41,41,46,5,57,16,19,7,6,4,5,6,9,5,6,-4,-3,0,12,-7,-9,0,0,-23,12,0,0,0,39,31,45,39,39,44,42,40,39,33,85,43,34,40,109,109,247,247,322,314,340,223,297,276,346,344,382,367,389,377,369,379]} 1. Nf3 d5 2. e3 Nf6 3. c4 e6 4. d4 Be7 5. Nc3 O-O 6. Bd2 dxc4 $146 ({RR} 6... a6 7. a4 c6 (7... c5 $15) 8. Bd3 dxc4 9. Bxc4 Nbd7 10. O-O b6 {[#]} 11. Qe2 (11. e4 $1 $16) 11... Bb7 12. Rfd1 b5 13. Bd3 Qb6 (13... b4 $11 14. Ne4 c5 15. Nxf6+ Nxf6) 14. a5 Qc7 15. e4 c5 $1 16. e5 Nd5 17. Ne4 (17. Rac1 $14) 17... h6 $2 (17... cxd4 $11 18. Rac1 Qb8) 18. dxc5 $2 (18. Nxc5 $16 Bxc5 19. Rac1 {[%mdl 64] Pin}) 18... Nxe5 19. Nxe5 Qxe5 20. Rac1 Rac8 21. b4 {Garv,G (2388)-Murthy,P (1821) chess.com INT 2024 1-0 (41)}) ({RR} 6... c5 7. cxd5 cxd4 8. Nxd4 Nxd5 9. Be2 Nxc3 10. Bxc3 Bd7 11. Bf3 Qb6 12. Rc1 Rd8 13. O-O Nc6 14. Bxc6 Bxc6 15. Qg4 Bf8 16. Nxc6 bxc6 17. h4 Qb5 18. h5 Qf5 (18... h6 $1 $11) 19. Qxf5 exf5 20. Rfd1 f6 21. h6 {Firouzja,A (2760)-Melkumyan,H (2640) chess.com INT 2024 1-0 (51)}) ({RR} 6... a6 7. Rc1 dxc4 8. Bxc4 b5 9. Be2 Bb7 10. O-O Nbd7 11. a4 b4 12. Nb1 a5 13. Be1 c5 14. Nbd2 cxd4 (14... Qb8 $15) 15. Nxd4 Rc8 16. Nc4 ({White should play} 16. Rxc8 $11 Qxc8 17. f3) 16... Nd5 (16... Ba6 $15) 17. Nb5 (17. Nb3 $11) 17... Bc6 (17... h6 $17) 18. Nbd6 (18. Ncd6 $11 {remains equal.} Bxd6 19. Nxd6) 18... Ra8 19. Bd2 (19. Nb5 $17) 19... N7b6 $2 (19... Nc5 $19 20. Nb5 Nb6) 20. Nb5 (20. Nxb6 $11 Qxb6 21. Nc4) 20... Qb8 (20... Nxc4 $17 21. Rxc4 Qd7) 21. e4 {Skotheim,A (2209)-Lopez Idarraga,D (2010) chess.com INT 2024 1-0} (21. Nxb6 $14 Qxb6 22. e4)) 7. Bxc4 b6 8. e4 Bb7 {The position is equal.} 9. Qe2 c5 10. dxc5 Nbd7 $6 {Inaccuracy. Bxc5 was best.} (10... Bxc5 11. Rd1 Nbd7 $1 12. Bf4 Nh5 13. Bg5 Qc7 $1 14. O-O Ne5 15. Nxe5 Qxe5 16. Qxh5) (10... Bxc5 $11 11. Bf4 Bb4) 11. cxb6 $14 Nxb6 12. Bb5 Bb4 13. Rd1 Qc8 14. Bd3 Rd8 15. O-O Rxd3 (15... Nbd7 $16) 16. Qxd3 $18 Ba6 17. Qb1 $2 {Mistake. Nb5 was best.} (17. Nb5 Qe8 18. Qb3 Bxb5 19. Qxb4 Bxf1 20. Rxf1 Rc8 21. b3 Nbd7 22. Be3 Qf8) ({White should try} 17. Nb5 $18 Bxd2 18. e5 (18. Nxd2 Qe8 $17) (18. Rxd2 Qc4 $14)) 17... Bxf1 $14 18. Rxf1 Nc4 19. Rc1 {Black must now prevent Ne2.} Nxd2 20. Nxd2 Qb7 21. Qd3 Ba5 22. Qc2 (22. Nc4 $5 {[%cal Rc4a5]} Bxc3 23. Qxc3 $11 (23. bxc3 Qxe4 24. Qxe4 Nxe4 $11) (23. Rxc3 Nxe4 24. Rb3 Qc6 $11)) 22... Rd8 23. h3 (23. e5 $5 {[%cal Re5f6]} Nd5 24. Nxd5 Qxd5 25. Nc4 $14) 23... h6 24. Re1 Rc8 25. Nb3 Bc7 26. Nd2 Ba5 27. Nb3 Bc7 28. e5 Nd7 29. f4 Nf8 30. Qe4 Qb6+ 31. Kh1 Ng6 32. Rd1 Bb8 33. g3 h5 34. h4 a5 35. Qd4 Qb7+ 36. Qe4 Qb6 37. Qd4 $36 {[%mdl 2048] White fights for an advantage.} Qb7+ 38. Kh2 Ba7 39. Qd7 Rc7 40. Qd8+ $6 {Inaccuracy. Qb5 was best.} (40. Qb5 Ne7) 40... Nf8 $1 41. Qd3 Qb4 $6 {Inaccuracy. Rd7 was best.} (41... Rd7 42. Qf1) ({Better is} 41... Rd7 $14 42. Qe2 Rxd1 43. Qxd1 g6) 42. Qb5 Qe7 $6 {Inaccuracy. Rb7 was best.} (42... Rb7) (42... Rb7 $16 43. Qc6 (43. Qxa5 Qxa5 44. Nxa5 Rxb2+ 45. Kh3 Rc2 $14) 43... Qb6 44. Qxb6 Bxb6) 43. Nxa5 $18 Be3 $6 {Inaccuracy. Rc5 was best.} (43... Rc5 44. Qa6 Qc7 45. Nb7 Rc6 46. Qxa7 Rb6 {[#]} 47. Rd2 $1 Rxb7 48. Qf2 Qb8 49. Ne4) 44. Nc6 Qe8 45. Nd4 $6 {Inaccuracy. Rd6 was best.} (45. Rd6 Qa8 46. a4 g6 47. b4 Kg7 48. Ne4 Nd7 49. a5 Kh6 50. Nf6 Nxf6) 45... Qe7 $6 {Inaccuracy. Qa8 was best.} (45... Qa8 46. Qe2) 46. Nf3 Nd7 $6 {Inaccuracy. Rc8 was best.} (46... Rc8 47. Qe2 Bc5 48. Ng5 Qb7 49. b3 Be7 50. Nge4 g6 51. Nb5 Qa6 52. a4) 47. Ng5 {Hoping for Qd3.} g6 48. Qe2 {White is winning.} Bb6 49. Nb5 Rc5 50. Nd6 {Accuracy: White = 76%, Black = 57%.} 1-0